000 00672nam0a22002291 4500
001 rc\804234
005 20041129090856.9
035 _a(NLR Aleph) 005988268
090 _a7100564
_c7100564
100 _a20041129d1983 u |0rusy50 ca
101 0 _arus
102 _aRU
105 _ay |||||||||
200 1 _aПоследние письма и статьи. 23 декабря 1922 г. - 2 марта 1923 г.
210 _aМ.
_cПолитиздат
_d1983
215 _a62 с.
_d20
700 1 _aЛенин
_bВ. И.
_gВладимир Ильич
801 0 _aRU
_bNLR
_gpsbo
801 1 _aRU
_bELAR
_2rusmarc
852 _aNLR
_bЛ
_j1-сб/294-15
942 _cBOOK
980 _aNB